Významní slovenskí právnici z Liptova

Podrobná bibliografia
Hlavný autor: Vozár, Jozef, 1967- (Autor)
Médium: Kniha
Jazyk:slovenčina
Fyzický popis:206 s. faks., fotogr. 24 cm
Vydavateľské údaje: Bratislava Veda Vydavateľstvo Slovenskej akadémie vied 2016
ISBN:9788022414715
Vydanie:1. vyd.
Predmet:

MARC

LEADER 00000cam a2200000 a 4500
001 vtls011555597
003 SK-MaSNL
005 20260302060523.0
008 240318s2016 xo ho g n 000 0cslo
015 |a SNBA2016/07 
020 |a 9788022414715  |q (viaz.) 
035 |a 9C0ED206-AE37-4430-BF6C-1F380044185B 
035 |a urn:nbn:sk:snk-amlltc 
035 |a urn:nbn:sk:snk-am00bnjj 
040 |a SNK  |b slo  |c SNK  |e AACR2 
041 0 |a slo  |b eng  |b fre  |b ger 
043 |a e-xo--- 
044 |a xo  |c SK 
072 7 |a 34  |x Právo  |2 konspekt 
080 |a 34-051  |2 2011 
080 |a (437.6)  |2 2011 
080 |a (092)  |2 2011 
100 1 |a Vozár, Jozef,  |d 1967-  |4 aut  |9 119570 
245 1 0 |a Významní slovenskí právnici z Liptova  |c Jozef Vozár 
250 |a 1. vyd. 
260 |a Bratislava  |b Veda  |b Vydavateľstvo Slovenskej akadémie vied  |c 2016 
300 |a 206 s.  |b faks., fotogr.  |c 24 cm 
504 |a Bibliogr.: s. 192-195 ; bibliogr. odkazy ; pozn. 
546 |a Res. angl., franc a nem. 
600 1 7 |a Stodola, Emil,  |d 1862-1945  |2 SNKMA  |9 81629 
600 1 7 |a Ráth, Augustín,  |d 1873-1942  |2 SNKMA  |9 120434 
600 1 7 |a Záturecký, Adolf Vladimír,  |d 1884-1958  |2 SNKMA  |9 52820 
600 1 7 |a Luby, Štefan,  |d 1910-1976  |2 SNKMA  |9 102955 
648 7 |a 19.-20. stor.  |2 SNKPH  |9 268609 
648 7 |a 19th-20th centuries  |2 SNKPHeng  |9 282960 
650 0 7 |a právnici  |2 SNKPH  |9 2687 
650 0 7 |a Lawyers  |2 SNKPHeng  |9 282520 
651 7 |a Liptov (Slovensko : región)  |2 SNKPH  |9 151081 
651 7 |a Liptov (Slovakia : region)  |2 SNKPHeng  |9 169045 
655 7 |a biografie  |2 SNKPH  |9 27965 
655 7 |a Biography  |2 SNKPHeng  |9 266314 
852 |a Štátna vedecká knižnica v Banskej Bystrici 
919 |a 978-80-224-1471-5 
958 |a NB 
958 |a BX 
999 |c 1121611  |d 1123541 
952 |a SNK  |b SNK  |y PREZ  |7 0  |p 17A1197932  |o snkSC 170217  |i snk2016/15103  |8 0  |0 0  |1 0  |4 0  |d 2016-06-09  |f 1  |l 0  |r 2025-09-08 00:00:00  |w 2026-02-24 
952 |a SNK  |b SNK  |y VYP  |7 0  |p 17A1197933  |o snkSC 170217 D1  |i snk2016/15104  |8 0  |0 0  |1 0  |4 0  |d 2016-06-09  |l 0  |r 2026-02-24 18:33:51  |w 2026-02-24